<?xml version="1.0" encoding="UTF-8"?><?xml-stylesheet type="text/xsl" href="static/style.xsl"?><OAI-PMH xmlns="http://www.openarchives.org/OAI/2.0/" xmlns:xsi="http://www.w3.org/2001/XMLSchema-instance" xsi:schemaLocation="http://www.openarchives.org/OAI/2.0/ http://www.openarchives.org/OAI/2.0/OAI-PMH.xsd"><responseDate>2026-04-17T12:03:10Z</responseDate><request verb="GetRecord" identifier="oai:www.recercat.cat:10230/33653" metadataPrefix="marc">https://recercat.cat/oai/request</request><GetRecord><record><header><identifier>oai:recercat.cat:10230/33653</identifier><datestamp>2025-12-22T13:31:25Z</datestamp><setSpec>com_2072_6</setSpec><setSpec>col_2072_452952</setSpec></header><metadata><record xmlns="http://www.loc.gov/MARC21/slim" xmlns:dcterms="http://purl.org/dc/terms/" xmlns:xsi="http://www.w3.org/2001/XMLSchema-instance" xmlns:doc="http://www.lyncode.com/xoai" xsi:schemaLocation="http://www.loc.gov/MARC21/slim http://www.loc.gov/standards/marcxml/schema/MARC21slim.xsd">
   <leader>00925njm 22002777a 4500</leader>
   <datafield ind2=" " ind1=" " tag="042">
      <subfield code="a">dc</subfield>
   </datafield>
   <datafield ind2=" " ind1=" " tag="720">
      <subfield code="a">Freixa, Judit</subfield>
      <subfield code="e">author</subfield>
   </datafield>
   <datafield ind2=" " ind1=" " tag="260">
      <subfield code="c">2018-01-17T10:37:50Z</subfield>
   </datafield>
   <datafield ind2=" " ind1=" " tag="260">
      <subfield code="c">2018-01-17T10:37:50Z</subfield>
   </datafield>
   <datafield ind2=" " ind1=" " tag="260">
      <subfield code="c">2005</subfield>
   </datafield>
   <datafield ind2=" " ind1=" " tag="520">
      <subfield code="a">L&amp;apos; étude des causes de la variation terminologique a été récemment abordée (Freixa 2002), et ce qui est présenté dans cet article est une proposition méthodologique pour une analyse plus objective et profonde des causes de la variation dénominative dans les textes spécialisés.&#xd;
La proposition se présente avec les résultats obtenus dans un test pilote qui a consisté dans l entrevue directe avec les experts à propos des causes de leur propre variation terminologique. On arrive à démontrer que la typologie de classification des causes peut être modifiée et élargie à la lumière de l analyse que les experts font de leurs propres textes, et qu on peut parvenir à établir l importance réelle que chacune des causes acquiert dans le discours spécialisé.</subfield>
   </datafield>
   <datafield ind2=" " ind1=" " tag="520">
      <subfield code="a">The studies of the causes for terminological variation started not long ago (Freixa 2002). What is presented in this article is a methodological proposal for a deeper and more objective analysis of the&#xd;
causes for terminological variation in specialized texts.&#xd;
This proposal is presented with the results obtained in a previous test. This test consisted basically in direct interviews with the experts who wrote the texts, about the causes for their own&#xd;
variation. The article shows that the typology of these causes can be modified and extended in the light of the analysis carried out by experts on their own texts. The test proves that it is possible to&#xd;
establish the real importance of every different cause in specialized discourse.</subfield>
   </datafield>
   <datafield tag="653" ind2=" " ind1=" ">
      <subfield code="a">Terminology</subfield>
   </datafield>
   <datafield tag="653" ind2=" " ind1=" ">
      <subfield code="a">Term variation</subfield>
   </datafield>
   <datafield tag="653" ind2=" " ind1=" ">
      <subfield code="a">Specialized texts</subfield>
   </datafield>
   <datafield tag="653" ind2=" " ind1=" ">
      <subfield code="a">Causes of variation</subfield>
   </datafield>
   <datafield tag="653" ind2=" " ind1=" ">
      <subfield code="a">Experts</subfield>
   </datafield>
   <datafield ind2="0" ind1="0" tag="245">
      <subfield code="a">La variación terminológica: ¿por qué y para qué?</subfield>
   </datafield>
</record></metadata></record></GetRecord></OAI-PMH>